Golf Calls - Statistics

General Stats
  • This quiz has been taken 28 times
  • The average score is 8 of 13
Answer Stats
Hint Answer % Correct
In on first shot Hole in one
100%
Three under par Albatross
92%
Two under par Eagle
92%
One under par Birdie
88%
One over par Bogey
88%
On par Par
88%
Two over par Double bogey
80%
Three over par Triple bogey
80%
Four over par Quadruple bogey
60%
Four under par Condor
28%
Five under par Ostrich
16%
Six or more under par Phoenix
4%
Five or more over par Ultra bogey
0%
No matching quizzes found
Score Distribution
Percent of People with Each Score
Percentile by Number Answered
Your Score History
You have not taken this quiz